[Event "DVM 2007 U20"]
[Site "Kelheim"]
[Date "2007.12.29"]
[Round "5.4"]
[White "Heigermoser, Robert"]
[Black "Borel, Markus"]
[Result "1/2-1/2"]
[WhiteElo "1975"]
[BlackElo "1930"]
[PlyCount "84"]
[EventDate "2007.??.??"]
[WhiteTeam "SGem Pang/Rosenheim"]
[BlackTeam "FSV Großenseebach"]

1. e4 b6 2. d4 Bb7 3. Bd3 e6 4. Nf3 d6 5. O-O Nf6 6. Qe2 Be7 7. c4 c6 8. Nc3 d5
9. cxd5 cxd5 10. e5 Ng8 11. Be3 a6 12. Nd2 h5 13. f4 g6 14. g3 Nh6 15. h3 Nf5
16. Bf2 Nc6 17. Nf3 Nb4 18. Bb1 Rc8 19. a3 Nc6 20. Kg2 Ng7 21. Bd3 Nb8 22. g4
hxg4 23. hxg4 Kd7 24. Be3 b5 25. Ng5 Qg8 26. Qc2 Rh4 27. Qe2 Nc6 28. Rh1 Rxh1
29. Rxh1 Na5 30. Bxb5+ axb5 31. Qxb5+ Bc6 32. Qxa5 Ra8 33. Qb6 Rb8 34. Qa5 Ra8
35. Qb6 Rb8 36. Qa6 Rxb2+ 37. Kf3 Rb3 38. Qa7+ Rb7 39. Qa5 Qb8 40. Qa6 Ra7 41.
Qd3 Bxg5 42. fxg5 Rxa3 1/2-1/2

[Event "DVM 2007 U20"]
[Site "Kelheim"]
[Date "2007.12.29"]
[Round "5.5"]
[White "Hofmann, Benjamin"]
[Black "Baldauf, Manuel"]
[Result "0-1"]
[WhiteElo "1885"]
[BlackElo "1789"]
[PlyCount "102"]
[EventDate "2007.??.??"]
[WhiteTeam "FSV Großenseebach"]
[BlackTeam "SGem Pang/Rosenheim"]

1. g3 c5 2. Bg2 Nf6 3. d3 e6 4. e4 Nc6 5. Nc3 Be7 6. Nf3 d6 7. O-O O-O 8. d4
cxd4 9. Nxd4 a6 10. Nb3 Qc7 11. f4 Nd7 12. Be3 b5 13. Qf3 Bb7 14. Qf2 Rab8 15.
Ne2 Ba8 16. Ned4 Nxd4 17. Bxd4 e5 18. fxe5 dxe5 19. Be3 Rbc8 20. c3 Nc5 21.
Nxc5 Bxc5 22. Bxc5 Qxc5 23. Rad1 Qxf2+ 24. Rxf2 Rfd8 25. Rfd2 Rxd2 26. Rxd2 g6
27. Kf2 Kg7 28. Rd6 Bb7 29. Rb6 Rc7 30. Bf3 Kf8 31. Ke3 Ke7 32. h4 Bc8 33. g4
f6 34. g5 fxg5 35. hxg5 Bb7 36. Bg4 Kf7 37. Rf6+ Kg7 38. Re6 Bc8 39. Re7+ Rxe7
40. Bxc8 a5 41. Ba6 b4 42. c4 Rc7 43. b3 h6 44. gxh6+ Kxh6 45. Kf3 Kg5 46. Kg3
Rd7 47. c5 Rc7 48. Bc4 Rxc5 49. Kf3 Rc7 50. Kg3 Rh7 51. Kg2 Kf4 0-1

[Event "DVM 2007 U20"]
[Site "Kelheim"]
[Date "2007.12.29"]
[Round "5.6"]
[White "Uhlmann, David"]
[Black "Kohlmann, Adrian"]
[Result "1-0"]
[WhiteElo "1843"]
[BlackElo "1936"]
[PlyCount "45"]
[EventDate "2007.??.??"]
[WhiteTeam "SGem Pang/Rosenheim"]
[BlackTeam "FSV Großenseebach"]

1. e4 g6 2. c4 Bg7 3. Nc3 d6 4. d4 Nc6 5. Be3 e5 6. d5 Nce7 7. c5 f5 8. Bb5+
Kf7 9. cxd6 cxd6 10. f3 Nf6 11. Nge2 f4 12. Bf2 g5 13. Qb3 g4 14. O-O-O h5 15.
Rhe1 h4 16. Kb1 h3 17. gxh3 Rxh3 18. Nxf4 Rxf3 19. Ne6 Bxe6 20. dxe6+ Kf8 21.
Bc5 Nc8 22. Qb4 Ke7 23. Bd7 1-0

[Event "DVM 2007 U20"]
[Site "Kelheim"]
[Date "2007.12.29"]
[Round "5.1"]
[White "Krege, Sandra"]
[Black "Luo, Xinping"]
[Result "1/2-1/2"]
[WhiteElo "2047"]
[BlackElo "1971"]
[PlyCount "90"]
[EventDate "2007.??.??"]
[WhiteTeam "Schachfreunde Hettstedt"]
[BlackTeam "Heilbronner SV"]

1. e4 d5 2. exd5 Qxd5 3. Nc3 Qd6 4. d4 Nf6 5. Bd3 a6 6. Nge2 Nc6 7. O-O g6 8.
Bf4 Qd8 9. Ne4 Bg7 10. c3 O-O 11. Nxf6+ Bxf6 12. Be4 e6 13. Qd2 Qe7 14. Qe3 Na5
15. b3 Ra7 16. Rad1 b6 17. Qf3 Bb7 18. Bxb7 Nxb7 19. Bxc7 Bxd4 20. Qg3 Rc8 21.
Bb8 Ra8 22. Nxd4 Raxb8 23. Nc6 Rxc6 24. Qxb8+ Kg7 25. Qe5+ Qf6 26. Qxf6+ Kxf6
27. c4 a5 28. Rc1 Nc5 29. Rfd1 e5 30. f3 g5 31. Rc3 Ne6 32. Kf2 Nd4 33. Rdc1
Ke6 34. a3 Rc8 35. h4 h6 36. hxg5 hxg5 37. a4 Kd6 38. Re3 Rh8 39. Rb1 f6 40. b4
axb4 41. Rxb4 Kc5 42. Rb1 Ra8 43. Ra3 Ra6 44. Rc1 Kb4 45. Rac3 Nb3 1/2-1/2

[Event "DVM 2007 U20"]
[Site "Kelheim"]
[Date "2007.12.29"]
[Round "5.2"]
[White "Geshnizjani, Ramin Tobias"]
[Black "Hofmann, Annett"]
[Result "1-0"]
[WhiteElo "1906"]
[BlackElo "1962"]
[PlyCount "39"]
[EventDate "2007.??.??"]
[WhiteTeam "Heilbronner SV"]
[BlackTeam "Schachfreunde Hettstedt"]

1. e4 c5 2. Nf3 d6 3. d4 cxd4 4. Nxd4 Nf6 5. Nc3 a6 6. Be2 e6 7. O-O b5 8. Bf3
Bb7 9. e5 Nd5 10. Nxd5 Bxd5 11. Bxd5 exd5 12. e6 Qf6 13. exf7+ Qxf7 14. Re1+
Be7 15. Ne6 Ra7 16. Qxd5 Rf8 17. Be3 Rd7 18. Rad1 Rg8 19. Bg5 h6 20. Qa8 1-0

[Event "DVM 2007 U20"]
[Site "Kelheim"]
[Date "2007.12.29"]
[Round "5.3"]
[White "Friedrich, Kai"]
[Black "Seiler, Sascha"]
[Result "1/2-1/2"]
[WhiteElo "1898"]
[BlackElo "1998"]
[PlyCount "52"]
[EventDate "2007.??.??"]
[WhiteTeam "Schachfreunde Hettstedt"]
[BlackTeam "Heilbronner SV"]

1. e4 c5 2. Nc3 e6 3. f4 d5 4. d3 dxe4 5. dxe4 Qxd1+ 6. Nxd1 Nf6 7. Nc3 a6 8.
a4 b6 9. Nf3 Bb7 10. Bd3 Nc6 11. e5 Nd5 12. Bd2 Be7 13. O-O O-O-O 14. Rad1 Rhe8
15. Nxd5 Rxd5 16. Be4 Rd7 17. Be3 g6 18. Rxd7 Kxd7 19. Rd1+ Kc7 20. c3 f5 21.
exf6 Bxf6 22. Kf2 Rd8 23. Rxd8 Nxd8 24. Bxb7 Nxb7 25. Nd2 Nd6 26. a5 Kc6
1/2-1/2

[Event "DVM 2007 U20"]
[Site "Kelheim"]
[Date "2007.12.29"]
[Round "5.4"]
[White "Weissbeck, Simon"]
[Black "Kunth, Tobias"]
[Result "0-1"]
[WhiteElo "1780"]
[BlackElo "1789"]
[PlyCount "126"]
[EventDate "2007.??.??"]
[WhiteTeam "Heilbronner SV"]
[BlackTeam "Schachfreunde Hettstedt"]

1. e4 b6 2. d4 Bb7 3. Bd3 Nf6 4. f3 e6 5. Ne2 c5 6. Be3 d6 7. c4 cxd4 8. Nxd4
Nc6 9. O-O Be7 10. Nc3 O-O 11. Qe2 Rc8 12. Nxc6 Bxc6 13. Rfd1 Qc7 14. Rac1 Qb7
15. Bc2 Rfd8 16. Bb3 h6 17. Rc2 Rc7 18. Rcd2 Rcd7 19. Bf2 Nh5 20. Be3 Nf6 21.
Ba4 Bxa4 22. Nxa4 d5 23. cxd5 exd5 24. e5 Ne8 25. Nc3 Nc7 26. Nb5 Ne6 27. Nd4
Bc5 28. a3 a5 29. Kf1 Qc7 30. Bf2 Nf4 31. Qb5 Ne6 32. b4 axb4 33. axb4 Bxd4 34.
Bxd4 Qc4+ 35. Qxc4 dxc4 36. Bc3 Rxd2 37. Rxd2 Rxd2 38. Bxd2 b5 39. Be3 Kf8 40.
Ke2 Ke7 41. Kd2 Kd7 42. Kc3 Kc6 43. g3 Kd5 44. f4 Ke4 45. Bb6 g6 46. Bf2 g5 47.
fxg5 hxg5 48. h4 gxh4 49. gxh4 Nf4 50. Ba7 Kxe5 51. Bb8+ Ke4 52. Ba7 f5 53. Bc5
Nh3 54. Kd2 f4 55. Ke2 c3 56. Kd1 Kd3 57. Bf2 f3 58. Bc5 c2+ 59. Kc1 Nf4 60. h5
Ne2+ 61. Kb2 c1=Q+ 62. Ka2 Qc2+ 63. Ka3 Nc3 0-1

[Event "DVM 2007 U20"]
[Site "Kelheim"]
[Date "2007.12.29"]
[Round "5.5"]
[White "Kaczmarek, Felix"]
[Black "Schwarz, Felix"]
[Result "1-0"]
[WhiteElo "1814"]
[BlackElo "1605"]
[PlyCount "49"]
[EventDate "2007.??.??"]
[WhiteTeam "Schachfreunde Hettstedt"]
[BlackTeam "Heilbronner SV"]

1. c4 g6 2. Nc3 Bg7 3. g3 Nf6 4. Bg2 O-O 5. e4 d6 6. Nge2 c5 7. O-O Nc6 8. d3
Rb8 9. f4 a6 10. Rb1 b5 11. e5 Nxe5 12. fxe5 dxe5 13. cxb5 axb5 14. Ne4 Nxe4
15. dxe4 Qa5 16. a3 Bg4 17. Qc2 Rbc8 18. Be3 c4 19. h3 Be6 20. Bd2 Qb6+ 21. Kh2
Rfd8 22. Bb4 Bf8 23. Rbd1 Bxh3 24. Qc3 Qc7 25. Ba5 1-0

[Event "DVM 2007 U20"]
[Site "Kelheim"]
[Date "2007.12.29"]
[Round "5.6"]
[White "Huynh, Nhi Lang"]
[Black "Friedrich, Jan"]
[Result "1-0"]
[WhiteElo "1547"]
[BlackElo "1507"]
[PlyCount "79"]
[EventDate "2007.??.??"]
[WhiteTeam "Heilbronner SV"]
[BlackTeam "Schachfreunde Hettstedt"]

1. d4 d5 2. c4 dxc4 3. Nc3 e5 4. d5 Nf6 5. e4 a6 6. a4 Bb4 7. Qc2 c6 8. dxc6
Nxc6 9. Bxc4 Nd4 10. Qd3 O-O 11. Nge2 Qc7 12. O-O Be6 13. Bxe6 Nxe6 14. Nd5
Nxd5 15. Qxd5 Rfd8 16. Qb3 a5 17. Be3 Qc6 18. Ng3 Nd4 19. Qa2 Rac8 20. Rac1 Qd7
21. Kh1 Rxc1 22. Rxc1 Nc2 23. Nf1 Nxe3 24. Nxe3 Qd2 25. Rf1 Qe2 26. Qb1 Rd2 27.
Qc1 g6 28. Qc7 Rxb2 29. Qxe5 Rb3 30. Kg1 Rb2 31. Nd5 Be1 32. Nf6+ Kg7 33. Ng4+
Kf8 34. Qd6+ Kg8 35. h3 Bb4 36. Qd8+ Kg7 37. Qf6+ Kf8 38. Ne5 Kg8 39. Qxf7+ Kh8
40. Nd7 1-0

[Event "DVM 2007 U20"]
[Site "Kelheim"]
[Date "2007.12.29"]
[Round "5.1"]
[White "Siebarth, Raiko"]
[Black "Fuhrmann, Max"]
[Result "1-0"]
[WhiteElo "2236"]
[BlackElo "2028"]
[PlyCount "83"]
[EventDate "2007.??.??"]
[WhiteTeam "SG Blau-Weiß Stadtilm"]
[BlackTeam "SK Kelheim 1920"]

1. e4 c6 2. Nc3 d5 3. f4 e6 4. Nf3 Nd7 5. g3 dxe4 6. Nxe4 Ngf6 7. Nf2 b6 8. Qe2
Be7 9. Bg2 Bb7 10. O-O Qc7 11. b3 O-O 12. Bb2 Nd5 13. c4 N5f6 14. f5 Rae8 15.
fxe6 fxe6 16. Qxe6+ Kh8 17. d4 Bb4 18. Qh3 Re2 19. Nd3 Rfe8 20. Nxb4 Rxb2 21.
Nd3 Rbe2 22. Rfe1 Qd6 23. Bf1 R2e3 24. Qg2 c5 25. Nde5 Nxe5 26. dxe5 Bxf3 27.
Rxe3 Bxg2 28. exd6 Rxe3 29. Kxg2 Re8 30. Rd1 Kg8 31. Kf3 Kf7 32. Bh3 g5 33. Bf5
h6 34. d7 Rd8 35. Rd6 Ke7 36. Re6+ Kf7 37. Rc6 Nxd7 38. Rc7 Ke7 39. Rxa7 Kd6
40. Rxd7+ Rxd7 41. Bxd7 Kxd7 42. Ke4 1-0

[Event "DVM 2007 U20"]
[Site "Kelheim"]
[Date "2007.12.29"]
[Round "5.2"]
[White "Eibl, Maximilian"]
[Black "Schneider, Christian"]
[Result "0-1"]
[WhiteElo "2004"]
[BlackElo "1964"]
[PlyCount "82"]
[EventDate "2007.??.??"]
[WhiteTeam "SK Kelheim 1920"]
[BlackTeam "SG Blau-Weiß Stadtilm"]

1. e4 c6 2. d4 d5 3. f3 e6 4. Nc3 Nf6 5. Bg5 h6 6. Bh4 Be7 7. e5 Nfd7 8. Bxe7
Qxe7 9. f4 b6 10. Qd2 Bb7 11. O-O-O Na6 12. Nf3 O-O-O 13. g4 Nc7 14. Ne2 c5 15.
c3 Kb8 16. Ng3 Rc8 17. Kb1 Na6 18. Bb5 Nc7 19. Bd3 b5 20. Rc1 a5 21. a3 c4 22.
Be2 Na6 23. Kc2 Bc6 24. Kd1 Kc7 25. Ke1 Ra8 26. Kf2 b4 27. axb4 axb4 28. Ra1
Rhb8 29. Rhb1 bxc3 30. bxc3 Rxb1 31. Rxb1 Qa3 32. Qb2 Nab8 33. Ke3 Qxb2 34.
Rxb2 Ra3 35. Kd2 Nb6 36. Bd1 Ba4 37. Bc2 Bb3 38. Ne2 Na4 39. Rxb3 cxb3 40. Bb1
Ra2+ 41. Kd1 Rxe2 0-1

[Event "DVM 2007 U20"]
[Site "Kelheim"]
[Date "2007.12.29"]
[Round "5.3"]
[White "Hoffmann, Lena"]
[Black "Grafl, Pascal"]
[Result "0-1"]
[WhiteElo "1683"]
[BlackElo "1937"]
[PlyCount "48"]
[EventDate "2007.??.??"]
[WhiteTeam "SG Blau-Weiß Stadtilm"]
[BlackTeam "SK Kelheim 1920"]

1. Nc3 d5 2. e4 dxe4 3. Nxe4 e5 4. Nf3 Nc6 5. Bc4 Be7 6. d3 Nf6 7. Ng3 Bg4 8.
c3 O-O 9. O-O Nd5 10. h3 Be6 11. Bb5 f6 12. Bxc6 bxc6 13. d4 Bd6 14. Re1 Qc8
15. dxe5 fxe5 16. Nxe5 Nf4 17. Bxf4 Rxf4 18. Qd2 Rf6 19. Nh5 Rf5 20. Nxg7 Kxg7
21. Nxc6 Rf6 22. Qd3 Rg6 23. Kf1 Qg8 24. Nd4 Bc4 0-1

[Event "DVM 2007 U20"]
[Site "Kelheim"]
[Date "2007.12.29"]
[Round "5.4"]
[White "Singer, Michael"]
[Black "Berner, Stephan"]
[Result "1-0"]
[WhiteElo "1773"]
[BlackElo "1794"]
[PlyCount "45"]
[EventDate "2007.??.??"]
[WhiteTeam "SK Kelheim 1920"]
[BlackTeam "SG Blau-Weiß Stadtilm"]

1. c4 c6 2. e4 d5 3. exd5 cxd5 4. d4 Nf6 5. Nc3 e6 6. Nf3 Nc6 7. Bd3 Be7 8. O-O
O-O 9. Re1 dxc4 10. Bxc4 a6 11. a3 b5 12. Ba2 Bb7 13. Bf4 Qb6 14. Be3 Qc7 15.
Rc1 Rfd8 16. Qe2 Nd5 17. Nxd5 exd5 18. Ne5 Qb6 19. Nxf7 Kxf7 20. Qf3+ Kg8 21.
Bxd5+ Rxd5 22. Qxd5+ Kh8 23. Qe6 1-0

[Event "DVM 2007 U20"]
[Site "Kelheim"]
[Date "2007.12.29"]
[Round "5.5"]
[White "Kinzel, Tiffany"]
[Black "Bräutigam, Markus"]
[Result "0-1"]
[WhiteElo "1727"]
[BlackElo "1743"]
[PlyCount "90"]
[EventDate "2007.??.??"]
[WhiteTeam "SG Blau-Weiß Stadtilm"]
[BlackTeam "SK Kelheim 1920"]

1. Nc3 e5 2. Nf3 Nc6 3. d4 exd4 4. Nxd4 Bb4 5. Qd3 Nf6 6. Nf5 O-O 7. a3 Bxc3+
8. Qxc3 d6 9. Ng3 h6 10. Bd2 Re8 11. h3 Be6 12. O-O-O Ne5 13. f4 Nd5 14. Qd4 c5
15. Qf2 Nc4 16. f5 Qf6 17. c3 Nxd2 18. Rxd2 Nxc3 19. e4 Bb3 20. bxc3 Qxc3+ 21.
Kb1 c4 22. f6 d5 23. Rxd5 Rad8 24. Qb2 Qe1+ 25. Qc1 Qxg3 26. Rxd8 Rxd8 27. Bxc4
Bxc4 28. Qxc4 Qxg2 29. Rf1 Qxh3 30. fxg7 Qd3+ 31. Qxd3 Rxd3 32. Kb2 Re3 33. Rf4
Kxg7 34. a4 h5 35. a5 b6 36. Rf5 Rxe4 37. Rxh5 bxa5 38. Rxa5 Re7 39. Kc3 Kg6
40. Kd4 f5 41. Kd5 f4 42. Kd6 Rf7 43. Ke6 f3 44. Ra4 f2 45. Rg4+ Kh5 0-1

[Event "DVM 2007 U20"]
[Site "Kelheim"]
[Date "2007.12.29"]
[Round "5.1"]
[White "Lange, Jan-David"]
[Black "Schmitt, Philipp"]
[Result "1-0"]
[WhiteElo "1992"]
[BlackElo "1892"]
[PlyCount "94"]
[EventDate "2007.??.??"]
[WhiteTeam "SC Tamm 74"]
[BlackTeam "SF Bad Mergentheim"]

1. Nc3 d5 2. e4 e6 3. d4 Bb4 4. e5 c5 5. a3 Bxc3+ 6. bxc3 Qa5 7. Bd2 Qa4 8. Nf3
Nc6 9. Bd3 c4 10. Be2 Bd7 11. O-O h6 12. Ne1 O-O-O 13. f4 Nge7 14. Nf3 Rdg8 15.
Ra2 Kb8 16. Qe1 Nf5 17. Qf2 Ka8 18. Rb1 Bc8 19. Rab2 f6 20. Bc1 Rf8 21. Bd1 Rf7
22. Nh4 Nxh4 23. Qxh4 fxe5 24. dxe5 d4 25. Bh5 dxc3 26. Rb5 Rd7 27. Be3 Rd5 28.
Rxd5 exd5 29. Qf2 Bf5 30. Rd1 Rd8 31. Bf3 Qxc2 32. Qxc2 Bxc2 33. Rxd5 Rxd5 34.
Bxd5 Bg6 35. Bxc4 c2 36. Kf1 Nd4 37. Ke1 b5 38. Bd5+ Kb8 39. Kd2 Nf5 40. Bf2 a6
41. Bc5 Kc7 42. g4 Kd7 43. gxf5 Bxf5 44. Bf8 g5 45. Bxh6 gxf4 46. Bxf4 a5 47.
Bb3 b4 1-0

[Event "DVM 2007 U20"]
[Site "Kelheim"]
[Date "2007.12.29"]
[Round "5.2"]
[White "Pfleger, Jochen"]
[Black "Döring, Andreas"]
[Result "1/2-1/2"]
[WhiteElo "1660"]
[BlackElo "1807"]
[PlyCount "98"]
[EventDate "2007.??.??"]
[WhiteTeam "SF Bad Mergentheim"]
[BlackTeam "SC Tamm 74"]

1. c4 e6 2. g3 f5 3. Bg2 Nf6 4. Nf3 d5 5. d4 c6 6. O-O Bd6 7. Bf4 Bxf4 8. gxf4
O-O 9. Nbd2 Ne4 10. e3 Bd7 11. Kh1 Be8 12. Nxe4 fxe4 13. Ng5 Qf6 14. f3 h6 15.
Nh3 Bh5 16. Qc2 exf3 17. Bxf3 Bxf3+ 18. Rxf3 Nd7 19. Rg3 Kh8 20. Rag1 Rf7 21.
Ng5 hxg5 22. Rh3+ Kg8 23. Qh7+ Kf8 24. Qh8+ Ke7 25. Qxa8 Qf5 26. Rhg3 gxf4 27.
exf4 g5 28. Qxb7 Qe4+ 29. R3g2 Qxd4 30. Qxc6 gxf4 31. cxd5 Qxd5 32. Qxd5 exd5
33. Rg7 Rxg7 34. Rxg7+ Ke6 35. Rxd7 Kxd7 36. Kg2 d4 37. Kf3 d3 38. h4 Ke6 39.
b4 Kf5 40. a4 d2 41. Ke2 Kg4 42. Kxd2 Kg3 43. h5 f3 44. h6 f2 45. h7 f1=Q 46.
h8=Q Qg2+ 47. Kc3 Qc6+ 48. Kb3 Qd5+ 49. Kc2 Qe4+ 1/2-1/2

[Event "DVM 2007 U20"]
[Site "Kelheim"]
[Date "2007.12.29"]
[Round "5.3"]
[White "Schäfer, Alexander"]
[Black "Piven, Vladimir"]
[Result "1-0"]
[WhiteElo "1777"]
[BlackElo "1713"]
[PlyCount "43"]
[EventDate "2007.??.??"]
[WhiteTeam "SC Tamm 74"]
[BlackTeam "SF Bad Mergentheim"]

1. e4 e5 2. Nf3 Nc6 3. Bb5 a6 4. Ba4 Nf6 5. O-O b5 6. Bb3 Bc5 7. c3 d6 8. d4
exd4 9. cxd4 Bb6 10. h3 O-O 11. Bg5 Bb7 12. Nc3 Na5 13. Bc2 Re8 14. Qc1 c5 15.
e5 dxe5 16. dxe5 Bxf3 17. Bxf6 gxf6 18. Qh6 f5 19. Bxf5 Bd5 20. Bxh7+ Kh8 21.
Nxd5 Qxd5 22. Be4+ 1-0

[Event "DVM 2007 U20"]
[Site "Kelheim"]
[Date "2007.12.29"]
[Round "5.4"]
[White "Krebs, Alexander"]
[Black "Andraschko, Felix"]
[Result "0-1"]
[WhiteElo "1550"]
[BlackElo "1900"]
[PlyCount "52"]
[EventDate "2007.??.??"]
[WhiteTeam "SF Bad Mergentheim"]
[BlackTeam "SC Tamm 74"]

1. e4 e6 2. d4 d5 3. exd5 exd5 4. Nf3 Nc6 5. Bd3 Bg4 6. c3 Qd7 7. O-O Bd6 8.
Bg5 Nge7 9. Nbd2 h6 10. Bh4 g5 11. Bg3 Bxg3 12. fxg3 O-O-O 13. Qc2 Rdg8 14. Ne5
Nxe5 15. dxe5 Be6 16. c4 Rd8 17. Rac1 Nc6 18. Nb3 Nb4 19. Qf2 Nxd3 20. Qxa7 c6
21. cxd5 Bxd5 22. Qa8+ Kc7 23. Qa5+ Kb8 24. Rc3 Bxb3 25. axb3 Qd4+ 26. Kh1 Nf2+
0-1

[Event "DVM 2007 U20"]
[Site "Kelheim"]
[Date "2007.12.29"]
[Round "5.5"]
[White "Stegmaier, Michael"]
[Black "Foß, David"]
[Result "1-0"]
[WhiteElo "1702"]
[BlackElo "1489"]
[PlyCount "57"]
[EventDate "2007.??.??"]
[WhiteTeam "SC Tamm 74"]
[BlackTeam "SF Bad Mergentheim"]

1. Nf3 e6 2. c4 c6 3. d4 d5 4. Nc3 f5 5. Bf4 Nf6 6. e3 Bd6 7. Bxd6 Qxd6 8. Be2
O-O 9. O-O Nbd7 10. c5 Qc7 11. b4 a6 12. a4 Ne4 13. Qc2 a5 14. b5 Nxc3 15. Qxc3
Nf6 16. Ne5 Bd7 17. Rfb1 Rfb8 18. f3 Be8 19. Rb2 Nd7 20. Rab1 Nxe5 21. dxe5 b6
22. bxc6 bxc5 23. Rxb8 Rxb8 24. Rxb8 Qxb8 25. Qxc5 Qb4 26. Qxb4 axb4 27. c7 Bd7
28. a5 Bc8 29. a6 1-0

[Event "DVM 2007 U20"]
[Site "Kelheim"]
[Date "2007.12.29"]
[Round "5.6"]
[White "Hoppe, Erich"]
[Black "Kaiser, Sören"]
[Result "1-0"]
[WhiteElo "1536"]
[BlackElo "1437"]
[PlyCount "85"]
[EventDate "2007.??.??"]
[WhiteTeam "SF Bad Mergentheim"]
[BlackTeam "SC Tamm 74"]

1. e4 g6 2. d4 Bg7 3. Bc4 d6 4. Be3 c6 5. Nc3 b5 6. Nxb5 cxb5 7. Bd5 e6 8. Bxa8
Qc7 9. d5 Bxb2 10. Rb1 Bc3+ 11. Bd2 Bxd2+ 12. Qxd2 a6 13. Rd1 e5 14. Bc6+ Bd7
15. Bxd7+ Nxd7 16. Ne2 Ngf6 17. Ng3 Qc4 18. f3 Nc5 19. Ra1 O-O 20. Ne2 Rc8 21.
O-O Na4 22. Rfc1 Nb2 23. Ng3 Nd7 24. Qa5 Nc5 25. Qb6 Qd4+ 26. Kh1 Nc4 27. Qa7
Qd2 28. Nf1 Qf2 29. a4 b4 30. Qe7 b3 31. cxb3 Nxb3 32. Qb7 Nb6 33. Rxc8+ Nxc8
34. Qxb3 Ne7 35. Qb8+ Kg7 36. Qxd6 Qd4 37. Rc1 Ng8 38. Qc5 Qxa4 39. d6 Nf6 40.
Qxe5 a5 41. Ne3 Qa3 42. Qc3 Qxd6 43. Nd5 1-0